Principles of systematic zoology (Record no. 395047)

MARC details
000 -LEADER
fixed length control field 00471 a2200181 4500
005 - DATE & TIME
control field 20260204150055.0
008 - FIXED-LENGTH DATA ELEMENTS--GENERAL INFORMATION
fixed length control field 260204b |||||||| |||| 00| 0 eng d
020 ## - ISBN
International Standard Book Number 9789383692279
Price Rs. 2995.00
040 ## - CATALOGING SOURCE
Original cataloging agency VIVEKANANDA LIBRARY
082 ## - DDC NUMBER
Classification number 591.012
Book Number M455P
100 ## - MAIN ENTRY--PERSONAL NAME
Personal name Mayr, Ernst
245 ## - TITLE STATEMENT
Title Principles of systematic zoology
260 ## - PUBLICATION, DISTRIBUTION, ETC. (IMPRINT)
Name of publisher, distributor, etc United Book Traders
Date of publication, distribution, etc 2025
Place of publication, distribution, etc New Delhi
300 ## - PHYSICAL DESCRIPTION
Pages x, 428
650 ## - Subject
Subject Zoology
650 ## - Subject
Subject Systematics- Zoology
942 ## - ADDED ENTRY ELEMENTS (KOHA)
Koha item type Books
Holdings
Withdrawn status Lost status Source of classification or shelving scheme Damaged status Not for loan Location (home branch) Sublocation or collection (holding branch) Shelving location Date acquired Koha issues (times borrowed) Koha full call number Accession No. Koha date last seen Koha item type
    Dewey Decimal Classification     VIVEKANANDA LIBRARY VIVEKANANDA LIBRARY Vivekananda Library 06/01/2026   591.012 M455P 444105 06/01/2026 Books
© Designed and Maintained by Vivekananda Library, MDU Rohtak